[Event "World Senior Team ch 1st"]
[Site "Port Erin IOM"]
[Date "2004.10.06"]
[Round "2.1"]
[White "Uhlmann, Wolfgang"]
[Black "Korchnoi, Viktor"]
[Result "1/2-1/2"]
[WhiteElo "2406"]
[BlackElo "2601"]
[PlyCount "90"]
[EventDate "2004.10.05"]
[EventType "team-swiss"]
[EventRounds "8"]
[EventCountry "ENG"]
[SourceDate "2014.04.29"]
[WhiteTeam "Germany"]
[BlackTeam "Switzerland"]
[WhiteTeamCountry "GER"]
[BlackTeamCountry "SUI"]

1. c4 g6 2. e4 e5 3. Nf3 Bg7 4. d4 exd4 5. Nxd4 Nf6 6. Nc3 O-O 7. Bd3 Nc6 8.
Nxc6 dxc6 9. O-O Nd7 10. Be3 Ne5 11. Be2 Be6 12. Qa4 a6 13. c5 Qe7 14. Rfd1 Nd7
15. Rac1 Rfd8 16. Qa5 Rac8 17. h3 Ne5 18. Qa4 Rxd1+ 19. Rxd1 Nd7 20. Qb4 b5 21.
Qa3 a5 22. Qxa5 Nxc5 23. Qb4 Bf8 24. Rc1 Nd7 25. Qxe7 Bxe7 26. a4 b4 27. Nd1 c5
28. a5 Ra8 29. a6 c6 30. f4 c4 31. Bxc4 Bxc4 32. Rxc4 Rxa6 33. Nf2 c5 34. Rc1
Rc6 35. b3 c4 36. bxc4 Bc5 37. Nd1 Re6 38. e5 f6 39. Rb1 fxe5 40. Bxc5 Nxc5 41.
Rxb4 exf4 42. Nc3 Re3 43. Nd5 Re1+ 44. Kh2 g5 45. h4 gxh4 1/2-1/2

[Event "World Senior Team ch 1st"]
[Site "Port Erin IOM"]
[Date "2004.10.06"]
[Round "2.1"]
[White "Wade, Robert G"]
[Black "Littlewood, John E"]
[Result "0-1"]
[WhiteElo "2174"]
[BlackElo "2308"]
[PlyCount "84"]
[EventDate "2004.10.05"]
[EventType "team-swiss"]
[EventRounds "8"]
[EventCountry "ENG"]
[SourceDate "2014.04.29"]
[WhiteTeam "England II"]
[BlackTeam "England"]
[WhiteTeamCountry "ENG"]
[BlackTeamCountry "ENG"]

1. d4 d6 2. e4 Nf6 3. f3 g6 4. Be3 Bg7 5. Nd2 O-O 6. Bc4 d5 7. Bb3 dxe4 8. Nxe4
Nd5 9. Bf2 a5 10. Ne2 a4 11. Bxd5 Qxd5 12. O-O a3 13. b3 Nc6 14. Qd2 f5 15. c4
Qd8 16. N4c3 f4 17. Rad1 g5 18. Ne4 h6 19. g4 fxg3 20. Bxg3 Bf5 21. Bf2 Bh3 22.
Be3 Bxf1 23. Rxf1 Qd7 24. Kg2 b6 25. N4g3 Rad8 26. Nh5 Bxd4 27. Bxg5 Qf5 28.
Bxh6 Qxh5 29. Bxf8 Bg7 30. Qe3 Kxf8 31. Nf4 Bh6 32. Ne6+ Kg8 33. Qe4 Rd2+ 34.
Rf2 Rxf2+ 35. Kxf2 Qxh2+ 36. Kf1 Ne5 37. Nxc7 Qxa2 38. f4 Qa1+ 39. Kg2 Qb2+ 40.
Kh3 Qxb3+ 41. Kh4 Bxf4 42. Qa8+ Kh7 0-1

[Event "World Senior Team ch 1st"]
[Site "Port Erin IOM"]
[Date "2004.10.06"]
[Round "2.1"]
[White "Wilson, Peter"]
[Black "Zaric, Srboljub"]
[Result "0-1"]
[WhiteElo "2169"]
[BlackElo "2230"]
[PlyCount "62"]
[EventDate "2004.10.05"]
[EventType "team-swiss"]
[EventRounds "8"]
[EventCountry "ENG"]
[SourceDate "2014.04.29"]
[WhiteTeam "Britain 3"]
[BlackTeam "Australia"]
[WhiteTeamCountry "GBR"]
[BlackTeamCountry "AUS"]

1. e4 e6 2. d4 d5 3. exd5 exd5 4. Bd3 Bd6 5. Nf3 Bg4 6. O-O Ne7 7. c3 Nbc6 8.
Nbd2 Qd7 9. b4 Bf5 10. Qc2 Bxd3 11. Qxd3 O-O 12. Re1 Qf5 13. Qxf5 Nxf5 14. Nf1
Rfe8 15. Bd2 f6 16. Rxe8+ Rxe8 17. Re1 Rxe1 18. Nxe1 a5 19. b5 Na7 20. a4 Nc8
21. c4 dxc4 22. Bxa5 Nxd4 23. Ne3 b6 24. Nxc4 bxa5 25. Nxa5 Nb6 26. Nb7 Nxa4
27. Nxd6 cxd6 28. Nd3 Nxb5 29. Kf1 Nac3 30. Ke1 Kf7 31. Kd2 Ke6 0-1

[Event "World Senior Team ch 1st"]
[Site "Port Erin IOM"]
[Date "2004.10.06"]
[Round "2.2"]
[White "James, Geoffrey H"]
[Black "Farrand, Julian"]
[Result "1/2-1/2"]
[WhiteElo "2224"]
[BlackElo "2205"]
[PlyCount "50"]
[EventDate "2004.10.05"]
[EventType "team-swiss"]
[EventRounds "8"]
[EventCountry "ENG"]
[SourceDate "2014.04.29"]
[WhiteTeam "England"]
[BlackTeam "England II"]
[WhiteTeamCountry "ENG"]
[BlackTeamCountry "ENG"]

1. e4 g6 2. d4 Bg7 3. Nc3 c6 4. Be3 d5 5. e5 Nh6 6. Qd2 Nf5 7. f4 Nxe3 8. Qxe3
Bf5 9. Bd3 Bxd3 10. Qxd3 e6 11. Nf3 Nd7 12. O-O O-O 13. Nd1 c5 14. c3 Rc8 15.
Ne3 Qb6 16. b3 Rc7 17. c4 cxd4 18. Qxd4 f6 19. cxd5 fxe5 20. Qxb6 Nxb6 21. Nxe5
exd5 22. Rad1 Bxe5 23. fxe5 Rxf1+ 24. Kxf1 Rf7+ 25. Ke2 Re7 1/2-1/2

[Event "World Senior Team ch 1st"]
[Site "Port Erin IOM"]
[Date "2004.10.06"]
[Round "2.2"]
[White "Nicolson, Jim"]
[Black "Ellison, D George"]
[Result "1/2-1/2"]
[WhiteElo "1648"]
[BlackElo "2097"]
[PlyCount "121"]
[EventDate "2004.10.05"]
[EventType "team-swiss"]
[EventRounds "8"]
[EventCountry "ENG"]
[SourceDate "2014.04.29"]
[WhiteTeam "Chessmann"]
[BlackTeam "Essex"]
[WhiteTeamCountry "IOM"]
[BlackTeamCountry "ENG"]

1. c4 c5 2. g3 Nf6 3. Bg2 d5 4. cxd5 Nxd5 5. Nc3 Nf6 6. Nf3 Nc6 7. O-O e6 8. d3
Be7 9. Bd2 O-O 10. Rc1 Bd7 11. Ng5 h6 12. Nge4 b6 13. f4 Rc8 14. b3 Nd4 15. e3
{(=)} Nf5 16. Nxf6+ Bxf6 17. Ne4 Bb5 18. Nxf6+ Qxf6 19. g4 Nh4 20. Be4 Qd8 21.
Be1 f5 22. Bxh4 Qxh4 23. gxf5 exf5 24. Bd5+ Kh8 25. a4 Bc6 26. Bxc6 Rxc6 27. b4
Rg6+ 28. Kh1 Qh3 29. Qf3 Qxf3+ 30. Rxf3 cxb4 31. Rg3 Rxg3 32. hxg3 Rd8 33. d4
Re8 34. Re1 b3 35. Kg2 Rc8 36. Kf3 Kg8 37. Rb1 Rc3 38. Rb2 Kf7 39. Ke2 Ke6 40.
Kd2 Rc4 41. a5 bxa5 42. Rxb3 Rb4 43. Kc3 Ra4 44. Rb7 Ra3+ 45. Rb3 Ra1 46. Kc4
Rg1 47. Ra3 Rxg3 48. d5+ Kf7 49. Kd4 Rg6 50. Rxa5 a6 51. Ke5 Rf6 52. d6 Re6+
53. Kd5 Rxe3 54. Rxa6 Rd3+ 55. Ke5 g6 56. Ra7+ Ke8 57. Ke6 Re3+ 58. Kf6 Rg3 59.
Rg7 g5 60. fxg5 hxg5 61. Rxg5 1/2-1/2

[Event "World Senior Team ch 1st"]
[Site "Port Erin IOM"]
[Date "2004.10.06"]
[Round "2.2"]
[White "Sotter, Gerlinde"]
[Black "Price, Eddie"]
[Result "1/2-1/2"]
[WhiteElo "1600"]
[BlackElo "1880"]
[PlyCount "36"]
[EventDate "2004.10.05"]
[EventType "team-swiss"]
[EventRounds "8"]
[EventCountry "ENG"]
[SourceDate "2014.04.29"]
[WhiteTeam "Black and White Magazine"]
[BlackTeam "South Africa"]
[WhiteTeamCountry "IND"]
[BlackTeamCountry "RSA"]

1. Nf3 b6 2. d4 e6 3. e4 d5 4. exd5 Qxd5 5. Nc3 Bb4 6. Bd2 Bxc3 7. Bxc3 Qe4+ 8.
Qe2 Nf6 9. b3 Ba6 10. Qxe4 Nxe4 11. Bxa6 Nxa6 12. Bd2 Nxd2 13. Kxd2 O-O-O 14.
c3 f6 15. Rhe1 e5 16. Kc2 exd4 17. Nxd4 Nb4+ 18. cxb4 Rxd4 1/2-1/2

[Event "World Senior Team ch 1st"]
[Site "Port Erin IOM"]
[Date "2004.10.06"]
[Round "2.2"]
[White "Viner, Phillip"]
[Black "Flockhart, Hugh"]
[Result "1/2-1/2"]
[WhiteElo "2151"]
[BlackElo "1926"]
[PlyCount "78"]
[EventDate "2004.10.05"]
[EventType "team-swiss"]
[EventRounds "8"]
[EventCountry "ENG"]
[SourceDate "2014.04.29"]
[WhiteTeam "Australia"]
[BlackTeam "Britain 3"]
[WhiteTeamCountry "AUS"]
[BlackTeamCountry "GBR"]

1. Nf3 Nf6 2. g3 g6 3. Bg2 Bg7 4. O-O O-O 5. c4 d5 6. cxd5 Nxd5 7. Nc3 Nc6 8.
Qb3 Nb6 9. d3 Be6 10. Qd1 Qd7 11. Ne4 Rad8 12. Nc5 Qc8 13. Nd2 Bd5 14. Nde4 Nd4
15. Bd2 Ne6 16. Bc3 Nxc5 17. Nxc5 Bxg2 18. Kxg2 e5 19. Qb3 h5 20. h3 Rd5 21.
Ne4 Qd7 22. Rac1 Rb5 23. Qc2 Nd5 24. Bd2 Rc8 25. Nc3 Qc6 26. Kh2 Rb6 27. Qb1
Qe6 28. Ne4 Bf8 29. Rc4 Rc6 30. Rfc1 Rxc4 31. dxc4 Nb6 32. b3 Rd8 33. Bg5 Be7
34. Bxe7 Qxe7 35. Rd1 Nc8 36. Rd3 f5 37. Nc3 b6 38. Qd1 Rxd3 39. Qxd3 Qd6
1/2-1/2

[Event "World Senior Team ch 1st"]
[Site "Port Erin IOM"]
[Date "2004.10.06"]
[Round "2.2"]
[White "Vucenovic, Dragomir"]
[Black "Hecht, Hans-Joachim"]
[Result "0-1"]
[WhiteElo "2302"]
[BlackElo "2389"]
[PlyCount "87"]
[EventDate "2004.10.05"]
[EventType "team-swiss"]
[EventRounds "8"]
[EventCountry "ENG"]
[SourceDate "2014.04.29"]
[WhiteTeam "Switzerland"]
[BlackTeam "Germany"]
[WhiteTeamCountry "SUI"]
[BlackTeamCountry "GER"]

1. d4 Nf6 2. g3 d5 3. Bg2 c5 4. Nf3 cxd4 5. O-O Nc6 6. Nxd4 e6 7. Nxc6 bxc6 8.
c4 Be7 9. Nd2 O-O 10. e4 a5 11. b3 a4 12. Bb2 Qb6 13. Re1 Bb7 14. exd5 cxd5 15.
cxd5 Bxd5 16. Bxd5 Nxd5 17. Nc4 Qb7 18. Ne3 Rfd8 19. Nxd5 Rxd5 20. Qf3 Rb8 21.
Qg4 Bf8 22. Qxa4 Bb4 23. Re4 Rb5 24. Rxb4 Rxb4 25. Qa5 Rb5 26. Qc3 f6 27. Qe1
e5 28. Bc3 Rd8 29. b4 Qf3 30. Qe3 Rd1+ 31. Rxd1 Qxd1+ 32. Kg2 Qd5+ 33. Qf3 Qxa2
34. Qf5 Qd5+ 35. f3 Rb8 36. Be1 Rd8 37. Qb1 Ra8 38. b5 Qa2+ 39. Qxa2+ Rxa2+ 40.
Bf2 Rb2 41. b6 Kf7 42. g4 Ke6 43. h4 g6 44. Kg3 0-1

[Event "World Senior Team ch 1st"]
[Site "Port Erin IOM"]
[Date "2004.10.06"]
[Round "2.3"]
[White "Corish, Aidan"]
[Black "Robertson, Alan B"]
[Result "1-0"]
[WhiteElo "1864"]
[BlackElo "1464"]
[PlyCount "111"]
[EventDate "2004.10.05"]
[EventType "team-swiss"]
[EventRounds "8"]
[EventCountry "ENG"]
[SourceDate "2014.04.29"]
[WhiteTeam "Essex"]
[BlackTeam "Chessmann"]
[WhiteTeamCountry "ENG"]
[BlackTeamCountry "IOM"]

1. Nf3 Nc6 2. d4 d5 3. Bf4 Nf6 4. e3 Bg4 5. h3 Bf5 6. Bb5 a6 7. Bxc6+ bxc6 8.
Ne5 Bd7 9. O-O e6 10. c4 Qb8 11. Qc2 Qb7 12. Nxd7 Kxd7 13. Nd2 Bb4 14. Nb3 dxc4
15. Qxc4 Nd5 16. Bg3 Ke7 17. Rfc1 Rhc8 18. Qxc6 Qb6 19. Qxb6 cxb6 20. e4 Nf6
21. a3 Ba5 22. f3 Kd7 23. Kf1 Ng8 24. Ke2 Ne7 25. Nxa5 bxa5 26. Kd3 Rc6 27.
Rxc6 Nxc6 28. Rc1 Ra7 29. Rc4 Rb7 30. Kc3 Na7 31. Kc2 Nb5 32. a4 Na7 33. d5
exd5 34. exd5 Nc8 35. Rc5 Nb6 36. b3 Nc8 37. Rxa5 Rb6 38. Rc5 Nd6 39. Rc6 Rxc6+
40. dxc6+ Kxc6 41. Bxd6 Kxd6 42. b4 Kc6 43. Kd3 Kd5 44. f4 f5 45. g4 g6 46. g5
Kc6 47. Kc4 Kb6 48. Kd5 Kc7 49. Ke6 Kc6 50. h4 Kc7 51. Kf6 Kd6 52. Kg7 Kd5 53.
b5 axb5 54. axb5 Kc5 55. Kxh7 Kxb5 56. Kxg6 1-0

[Event "World Senior Team ch 1st"]
[Site "Port Erin IOM"]
[Date "2004.10.06"]
[Round "2.3"]
[White "Edwards, Raymond B"]
[Black "Richardson, Keith"]
[Result "0-1"]
[WhiteElo "2119"]
[BlackElo "2220"]
[PlyCount "70"]
[EventDate "2004.10.05"]
[EventType "team-swiss"]
[EventRounds "8"]
[EventCountry "ENG"]
[SourceDate "2014.04.29"]
[WhiteTeam "England II"]
[BlackTeam "England"]
[WhiteTeamCountry "ENG"]
[BlackTeamCountry "ENG"]

1. d4 g6 2. e4 Bg7 3. Nc3 d6 4. Nge2 Nf6 5. g3 O-O 6. Bg2 e5 7. h3 Nc6 8. Be3
a6 9. O-O Re8 10. Qd2 exd4 11. Nxd4 Ne5 12. f4 Nc4 13. Qe2 Nxe3 14. Qxe3 d5 15.
Rad1 c5 16. Nde2 d4 17. Qd2 Qb6 18. Nd5 Nxd5 19. exd5 Qxb2 20. g4 Qb6 21. c4
Re3 22. Rf3 Rxf3 23. Bxf3 Bd7 24. Nc1 Qd6 25. Nd3 b5 26. Qc2 Rc8 27. Re1 bxc4
28. Qxc4 Bb5 29. Qc2 Bxd3 30. Qxd3 c4 31. Qd2 c3 32. Qc1 d3 33. Re4 Qxd5 34.
Re8+ Rxe8 35. Bxd5 d2 0-1

[Event "World Senior Team ch 1st"]
[Site "Port Erin IOM"]
[Date "2004.10.06"]
[Round "2.3"]
[White "Hangelbroek, Pieter"]
[Black "Mehra, Suman"]
[Result "1-0"]
[WhiteElo "1803"]
[BlackElo "1000"]
[PlyCount "51"]
[EventDate "2004.10.05"]
[EventType "team-swiss"]
[EventRounds "8"]
[EventCountry "ENG"]
[SourceDate "2014.04.29"]
[WhiteTeam "South Africa"]
[BlackTeam "Black and White Magazine"]
[WhiteTeamCountry "RSA"]
[BlackTeamCountry "IND"]

1. d4 d5 2. c4 dxc4 3. Nf3 b5 4. e3 Nf6 5. a4 c6 6. axb5 cxb5 7. b3 Ba6 8. bxc4
bxc4 9. Rxa6 Nxa6 10. Qa4+ Nd7 11. Qxa6 e6 12. Bxc4 Bb4+ 13. Bd2 Be7 14. O-O
O-O 15. Nc3 Qc7 16. Rc1 Nb8 17. Qa2 Qc6 18. Ne5 Qd6 19. Nb5 Qd8 20. Bxe6 Qe8
21. Nc7 Qd8 22. Nxa8 Qd6 23. Bxf7+ Rxf7 24. Qxf7+ Kh8 25. Rc8+ Bd8 26. Qe8+ 1-0

[Event "World Senior Team ch 1st"]
[Site "Port Erin IOM"]
[Date "2004.10.06"]
[Round "2.3"]
[White "Klundt, Klaus"]
[Black "Bhend, Edwin"]
[Result "1/2-1/2"]
[WhiteElo "2358"]
[BlackElo "2246"]
[PlyCount "32"]
[EventDate "2004.10.05"]
[EventType "team-swiss"]
[EventRounds "8"]
[EventCountry "ENG"]
[SourceDate "2014.04.29"]
[WhiteTeam "Germany"]
[BlackTeam "Switzerland"]
[WhiteTeamCountry "GER"]
[BlackTeamCountry "SUI"]

1. e4 Nc6 2. Nf3 d5 3. exd5 Qxd5 4. Nc3 Qa5 5. d4 Bg4 6. Bb5 O-O-O 7. Bxc6 bxc6
8. h3 Qh5 9. Qd3 Bxf3 10. gxf3 Kb8 11. Bf4 Nf6 12. O-O-O e6 13. Be5 Nd7 14. Qe4
Kb7 15. Bg3 Nb6 16. Qg4 Qa5 1/2-1/2

[Event "World Senior Team ch 1st"]
[Site "Port Erin IOM"]
[Date "2004.10.06"]
[Round "2.3"]
[White "Rety, John"]
[Black "Krstic, Slobodan AUS"]
[Result "0-1"]
[WhiteElo "2001"]
[BlackElo "2049"]
[PlyCount "64"]
[EventDate "2004.10.05"]
[EventType "team-swiss"]
[EventRounds "8"]
[EventCountry "ENG"]
[SourceDate "2014.04.29"]
[WhiteTeam "Britain 3"]
[BlackTeam "Australia"]
[WhiteTeamCountry "GBR"]
[BlackTeamCountry "AUS"]

1. c4 g6 2. g3 Bg7 3. Bg2 e5 4. b3 d6 5. Bb2 Nc6 6. d3 Nge7 7. Nf3 f5 8. O-O
O-O 9. Qd2 h6 10. b4 g5 11. b5 Nb8 12. Nc3 Nd7 13. a4 Nc5 14. Qc2 a5 15. Nd2
Ne6 16. e3 c6 17. Ba3 Kh8 18. Rab1 f4 19. Nce4 c5 20. Nc3 g4 21. Be4 Nf5 22.
Nd5 Ng5 23. gxf4 Nh3+ 24. Kh1 exf4 25. Bb2 Qh4 26. Bxg7+ Nxg7 27. Nxf4 Nxf4 28.
exf4 Rxf4 29. Rbe1 Rb8 30. Qc3 Bf5 31. Bxf5 Rxf5 32. Ne4 Rh5 0-1

[Event "World Senior Team ch 1st"]
[Site "Port Erin IOM"]
[Date "2004.10.06"]
[Round "2.4"]
[White "Benson, Lachlan"]
[Black "Smith, David"]
[Result "1-0"]
[WhiteElo "1955"]
[BlackElo "1728"]
[PlyCount "61"]
[EventDate "2004.10.05"]
[EventType "team-swiss"]
[EventRounds "8"]
[EventCountry "ENG"]
[SourceDate "2014.04.29"]
[WhiteTeam "Australia"]
[BlackTeam "Britain 3"]
[WhiteTeamCountry "AUS"]
[BlackTeamCountry "GBR"]

1. e4 d6 2. d4 Nf6 3. Nc3 g6 4. f3 c6 5. Be3 e5 6. Qd2 Nbd7 7. O-O-O b5 8. h4
h5 9. Be2 Qc7 10. Nh3 Nb6 11. Ng5 Be7 12. Rdf1 O-O 13. Rfg1 b4 14. Nd1 c5 15.
d5 a5 16. g4 Ba6 17. gxh5 Nxh5 18. f4 Bxe2 19. Qxe2 Bxg5 20. hxg5 Kg7 21. Rxh5
gxh5 22. g6 f6 23. fxe5 fxe5 24. Nf2 Rh8 25. Nh3 Rae8 26. Ng5 Nd7 27. Nf7 Nf6
28. Bg5 Ng4 29. Qf3 Rhf8 30. Rxg4 hxg4 31. Qf6+ 1-0

[Event "World Senior Team ch 1st"]
[Site "Port Erin IOM"]
[Date "2004.10.06"]
[Round "2.4"]
[White "David, Vidya"]
[Black "Fereday, Andrew"]
[Result "0-1"]
[WhiteElo "800"]
[BlackElo "1693"]
[PlyCount "44"]
[EventDate "2004.10.05"]
[EventType "team-swiss"]
[EventRounds "8"]
[EventCountry "ENG"]
[SourceDate "2014.04.29"]
[WhiteTeam "Black and White Magazine"]
[BlackTeam "South Africa"]
[WhiteTeamCountry "IND"]
[BlackTeamCountry "RSA"]

1. e4 e5 2. Nf3 Nc6 3. c3 Nf6 4. d3 Bc5 5. Bd2 Ng4 6. d4 exd4 7. cxd4 Bb6 8.
Nc3 d6 9. Nd5 O-O 10. Bb5 h6 11. h3 Nf6 12. O-O Nxd5 13. exd5 Ne7 14. Bc4 Bf5
15. Bb5 Nxd5 16. Bc4 c6 17. Nh4 Qxh4 18. Kh2 Qxd4 19. Qc1 Rae8 20. g4 Bd3 21.
Bb4 Bxc4 22. Bxd6 Re2 {(Time)} 0-1

[Event "World Senior Team ch 1st"]
[Site "Port Erin IOM"]
[Date "2004.10.06"]
[Round "2.4"]
[White "Hooper, Dennis"]
[Black "Heppinstall, Roy"]
[Result "0-1"]
[WhiteElo "1184"]
[BlackElo "1832"]
[PlyCount "88"]
[EventDate "2004.10.05"]
[EventType "team-swiss"]
[EventRounds "8"]
[EventCountry "ENG"]
[SourceDate "2014.04.29"]
[WhiteTeam "Chessmann"]
[BlackTeam "Essex"]
[WhiteTeamCountry "IOM"]
[BlackTeamCountry "ENG"]

1. e4 c6 2. d4 d5 3. e5 Bf5 4. Nf3 e6 5. Be2 c5 6. b3 Nc6 7. Bf4 Qb6 8. c3 cxd4
9. cxd4 Bb4+ 10. Kf1 Nge7 11. a3 Ng6 12. Be3 Be7 13. Nc3 O-O 14. Nb5 a6 15. Nd6
Bxd6 16. exd6 Rfd8 17. h4 h6 18. h5 Nf8 19. Bf4 Be4 20. Rh3 Bxf3 21. Rxf3 Qxd4
22. Be3 Qxd1+ 23. Rxd1 Rxd6 24. Bc5 Rd7 25. Rg3 Kh8 26. b4 e5 27. Bg4 Ne6 28.
Rgd3 d4 29. Bf5 Rdd8 30. Bg4 Nxc5 31. bxc5 Rd5 32. Rf3 Kg8 33. Rc1 Re8 34. Rb3
Re7 35. Bc8 Na5 36. Rb6 Rc7 37. Bf5 Rdxc5 38. Rxc5 Rxc5 39. Rd6 Kf8 40. Rd7 Ke8
41. g4 Rb5 42. Ke2 Nc6 43. Kd3 e4+ 44. Kxe4 Rxf5 0-1

[Event "World Senior Team ch 1st"]
[Site "Port Erin IOM"]
[Date "2004.10.07"]
[Round "3.1"]
[White "Ellison, D George"]
[Black "Wilson, Peter"]
[Result "1-0"]
[WhiteElo "2097"]
[BlackElo "2169"]
[PlyCount "39"]
[EventDate "2004.10.05"]
[EventType "team-swiss"]
[EventRounds "8"]
[EventCountry "ENG"]
[SourceDate "2014.04.29"]
[WhiteTeam "Essex"]
[BlackTeam "Britain 3"]
[WhiteTeamCountry "ENG"]
[BlackTeamCountry "GBR"]

1. e4 c5 2. Nf3 e6 3. d4 cxd4 4. Nxd4 a6 5. Bd3 Qc7 6. O-O Nc6 7. Nxc6 Qxc6 8.
Nc3 b5 9. a3 Bb7 10. Qe2 Rc8 11. f4 Bc5+ 12. Kh1 Ne7 13. e5 d5 14. Nxb5 O-O 15.
b4 Bxb4 16. Na7 Qc3 17. Rb1 Ra8 18. Rxb4 Rxa7 19. Be3 Qxa3 20. Rb3 1-0

[Event "World Senior Team ch 1st"]
[Site "Port Erin IOM"]
[Date "2004.10.07"]
[Round "3.1"]
[White "Heyns, Anthon"]
[Black "Wade, Robert G"]
[Result "1/2-1/2"]
[WhiteElo "2010"]
[BlackElo "2174"]
[PlyCount "79"]
[EventDate "2004.10.05"]
[EventType "team-swiss"]
[EventRounds "8"]
[EventCountry "ENG"]
[SourceDate "2014.04.29"]
[WhiteTeam "South Africa"]
[BlackTeam "England II"]
[WhiteTeamCountry "RSA"]
[BlackTeamCountry "ENG"]

1. d4 d6 2. e4 Nf6 3. Nc3 c6 4. f4 Qa5 5. e5 Ne4 6. Qf3 Nxc3 7. Bd2 Qd5 8. bxc3
Qxf3 9. Nxf3 Bf5 10. Bd3 Bxd3 11. cxd3 Nd7 12. Rb1 b6 13. a4 e6 14. Ke2 Be7 15.
c4 O-O 16. Rhc1 f6 17. a5 fxe5 18. fxe5 dxe5 19. dxe5 c5 20. Bc3 Rab8 21. axb6
axb6 22. Ra1 Ra8 23. Rcb1 Rfb8 24. Ke3 Kf7 25. Ke4 Ke8 26. Bd2 h6 27. Bc3 Rxa1
28. Rxa1 b5 29. cxb5 Rxb5 30. Nd2 Nb6 31. Rb1 Rxb1 32. Nxb1 Nd5 33. Ba5 Bg5 34.
Bd2 Bd8 35. Na3 Kd7 36. Nc4 Bc7 37. Ba5 Bxa5 38. Nxa5 Nb6 39. g4 Nd5 40. Nc4
1/2-1/2

[Event "World Senior Team ch 1st"]
[Site "Port Erin IOM"]
[Date "2004.10.07"]
[Round "3.1"]
[White "Korchnoi, Viktor"]
[Black "Zaric, Srboljub"]
[Result "1-0"]
[WhiteElo "2601"]
[BlackElo "2230"]
[PlyCount "41"]
[EventDate "2004.10.05"]
[EventType "team-swiss"]
[EventRounds "8"]
[EventCountry "ENG"]
[SourceDate "2014.04.29"]
[WhiteTeam "Switzerland"]
[BlackTeam "Australia"]
[WhiteTeamCountry "SUI"]
[BlackTeamCountry "AUS"]

1. d4 d5 2. c4 c6 3. Nf3 Nf6 4. Nc3 e6 5. Qb3 Nbd7 6. g3 Bd6 7. Bg2 O-O 8. O-O
b6 9. e4 Nxe4 10. Nxe4 dxe4 11. Ng5 Nf6 12. Nxe4 Nxe4 13. Bxe4 Qc7 14. Qc2 h6
15. Re1 Bb7 16. c5 bxc5 17. dxc5 Be5 18. Qe2 Rae8 19. Bc2 f6 20. Qe4 g5 21. f4
1-0

[Event "World Senior Team ch 1st"]
[Site "Port Erin IOM"]
[Date "2004.10.07"]
[Round "3.1"]
[White "Murey, Jacob"]
[Black "Littlewood, John E"]
[Result "1-0"]
[WhiteElo "2450"]
[BlackElo "2308"]
[PlyCount "55"]
[EventDate "2004.10.05"]
[EventType "team-swiss"]
[EventRounds "8"]
[EventCountry "ENG"]
[SourceDate "2014.04.29"]
[WhiteTeam "Israel"]
[BlackTeam "England"]
[WhiteTeamCountry "ISR"]
[BlackTeamCountry "ENG"]

1. e4 e5 2. Nf3 d6 3. d4 exd4 4. Nxd4 g6 5. c4 Bg7 6. Nc3 Nc6 7. Be3 Nf6 8. Be2
O-O 9. O-O Re8 10. f3 Nh5 11. Nxc6 bxc6 12. Qd2 f5 13. Bg5 Bf6 14. Bxf6 Qxf6
15. exf5 Qxf5 16. Bd3 Qf4 17. Qf2 Be6 18. Be4 Bxc4 19. Bxc6 Bxf1 20. Rxf1 Nf6
21. Bxe8 Nxe8 22. Nd5 Qc4 23. Rd1 Qxa2 24. Qd4 c5 25. Qe4 Rb8 26. Qe6+ Kh8 27.
Qe7 Qxb2 28. Qf8# 1-0

[Event "World Senior Team ch 1st"]
[Site "Port Erin IOM"]
[Date "2004.10.07"]
[Round "3.1"]
[White "Reuben, Stewart"]
[Black "Gill, Neville"]
[Result "1/2-1/2"]
[WhiteElo "2150"]
[BlackElo "2046"]
[PlyCount "39"]
[EventDate "2004.10.05"]
[EventType "team-swiss"]
[EventRounds "8"]
[EventCountry "ENG"]
[SourceDate "2014.04.29"]
[WhiteTeam "Black and White Magazine"]
[BlackTeam "Chessmann"]
[WhiteTeamCountry "IND"]
[BlackTeamCountry "IOM"]

1. c4 e6 2. b3 d5 3. Bb2 Nf6 4. Nf3 Be7 5. e3 O-O 6. Be2 c5 7. O-O Nc6 8. d4 b6
9. Ne5 Bb7 10. dxc5 bxc5 11. Nd2 Qc7 12. Nxc6 Bxc6 13. Bf3 Rfd8 14. cxd5 exd5
15. Qc2 Rac8 16. Rac1 Qa5 17. Rfd1 Bb5 {(=)} 18. a4 Ba6 19. Qf5 Qb6 20. Ba3
1/2-1/2

[Event "World Senior Team ch 1st"]
[Site "Port Erin IOM"]
[Date "2004.10.07"]
[Round "3.2"]
[White "Farrand, Julian"]
[Black "Price, Eddie"]
[Result "1-0"]
[WhiteElo "2205"]
[BlackElo "1880"]
[PlyCount "69"]
[EventDate "2004.10.05"]
[EventType "team-swiss"]
[EventRounds "8"]
[EventCountry "ENG"]
[SourceDate "2014.04.29"]
[WhiteTeam "England II"]
[BlackTeam "South Africa"]
[WhiteTeamCountry "ENG"]
[BlackTeamCountry "RSA"]

1. d4 e6 2. e4 d5 3. Nc3 Nf6 4. Bg5 Bb4 5. Bd3 Bxc3+ 6. bxc3 h6 7. Bxf6 Qxf6 8.
Nf3 c5 9. exd5 exd5 10. O-O O-O 11. Ne5 Nc6 12. Re1 cxd4 13. Nxc6 bxc6 14. cxd4
Bd7 15. c3 Rab8 16. Rb1 Rb6 17. Qa4 Rfb8 18. Qxa7 Qd8 19. Rxb6 Rxb6 20. Rb1
Rxb1+ 21. Bxb1 g6 22. Bd3 Be6 23. a4 Qg5 24. Qb8+ Kh7 25. Qb2 Bf5 26. Bxf5 Qxf5
27. a5 Qd3 28. h3 h5 29. Qa1 Qa6 30. Qa3 Kg8 31. Qc5 h4 32. Qb6 Qe2 33. a6 Qe1+
34. Kh2 Qxf2 35. Qc7 1-0

[Event "World Senior Team ch 1st"]
[Site "Port Erin IOM"]
[Date "2004.10.07"]
[Round "3.2"]
[White "Flockhart, Hugh"]
[Black "Smith, Ivor BN"]
[Result "0-1"]
[WhiteElo "1926"]
[BlackElo "1928"]
[PlyCount "104"]
[EventDate "2004.10.05"]
[EventType "team-swiss"]
[EventRounds "8"]
[EventCountry "ENG"]
[SourceDate "2014.04.29"]
[WhiteTeam "Britain 3"]
[BlackTeam "Essex"]
[WhiteTeamCountry "GBR"]
[BlackTeamCountry "ENG"]

1. e4 c5 2. Nf3 d6 3. c3 Nf6 4. Bd3 g6 5. Bc2 Bg7 6. h3 O-O 7. O-O Qc7 8. d4 e5
9. d5 b5 10. Bg5 h6 11. Be3 Nbd7 12. Nbd2 a5 13. Nh2 Kh7 14. f4 exf4 15. Bxf4
c4 16. Ndf3 Qc5+ 17. Nd4 b4 18. Be3 Qc7 19. Qd2 Nc5 20. Rxf6 Bxf6 21. Bxh6 bxc3
22. bxc3 Bg7 23. Bxg7 Kxg7 24. Rf1 Qe7 25. Nc6 Qe8 26. Qd4+ f6 27. Nf3 Nd7 28.
g4 Ne5 29. Qb6 Bd7 30. Qc7 Rf7 31. Qxd6 Nxc6 32. dxc6 Bxc6 33. Nd4 Bd7 34. g5
fxg5 35. Rxf7+ Qxf7 36. e5 Rf8 37. Nf3 Bxh3 38. e6 Qxe6 39. Qd4+ Kg8 40. Be4
Qg4+ 41. Kf2 Rxf3+ 42. Bxf3 Qxd4+ 43. cxd4 c3 44. Bd5+ Kg7 45. Bb3 Bf5 46. Ke3
Kf6 47. d5 Ke5 48. Ke2 Be4 49. Ke3 Bxd5 50. Bc2 Bxa2 51. Kd3 g4 52. Kxc3 g3 0-1